Statistics for Rugby World Cup Pools 2011

Click here to take the quiz!

General Stats

  • This quiz has been taken 2,513 times
    (2,511 since last reset)
  • The average score is 18 of 20

Answer Stats

HintAnswer% Correct
England
99%
New Zealand
99%
France
98%
South Africa
98%
Wales
98%
Australia
97%
Ireland
97%
Scotland
97%
Argentina
94%
Italy
94%
United States
93%
Fiji
92%
Samoa
91%
Tonga
90%
Canada
88%
Japan
87%
Russia
80%
Namibia
75%
Georgia
74%
Romania
70%

Score Distribution

Percentile by Number Answered

Percent of People with Each Score

Your Score History

You have not taken this quiz since the last reset